000 00839nam a22002177a 4500
999 _c64258
_d64258
005 20240530110722.0
008 180402s2017 ua a g b 000 0 ara d
017 _a2016/19403
_bمصر. دار الكتب
020 _a9789774952715
040 _aEG-CaGPL
_cEG-CaGPL
082 0 4 _221
_a291.23 /
_bق/ج ع
100 0 _aجلال احمد ابوبكر
245 1 0 _aعقائد البعث والخلود عند قدماء المصرين /
_cجلال احمد ابوبكر
250 _aط.1
260 _aالقاهرة :
_bدار العالم العربى ،
_c2017.
300 _a199 ص. :
_bايض ؛
_c24 سم.
504 _aيشتمل على ارجاعات ببليوجرافية
650 0 7 _2qrmak
_aالبعث
_xالديانة المصرية القديمة
942 _2ddc
_cBK